000 01121nab a2200229 i 4500
001 768714001
003 CO-MdFUSB
005 20230613101721.0
008 230429s2009 us ||||| |||| 00| 0 eng d
022 _a1669-8649
040 _bspa
_aCO-MdFUSB
_cCO-MdFUSB
_dCO-MdFUSB
041 _aeng
100 1 _aPadilla, C. René
_d1932-
_eautor
245 1 _aResponse :
_bmy theological pilgrimage
_c/ René Padilla
300 _aVolumen 4, número 2 (2009), páginas 91 - 111
_c; 20 cm
520 _aEn este artículo, originalmente publicado como el quinceavo capítulo del libro Shaping a Global Theological Mind (Burlington, VA: Ashgate, 2008), el teólogo ecuatoriano René Padilla ha escrito su “Peregrinaje Teológico” y nos ha provisto sus propias reflexiones sobre la teología latinoamericana en los años más recientes.
546 _aTexto en inglés
650 7 _9409
_aBiografía
650 7 _9233
_aTeólogos
773 0 _049416
_981275
_dSantiago de Chile
_oR1723
_tJournal of Latin American Theology :
_w(CO-MdFUSB)118
_x1669-8949
_gVolumen 4, número 2 (2009), páginas 91 - 111
_qpágina 91
942 _cANA
999 _c68822
_d68822